Todas las canciones de FERNANDOCOSTA - Estadísticas

Estadísticas generales
  • Esta prueba ha sido intentada 19 veces
  • La puntuación promedio es 32 de 94
Estadísticas de respuestas
Colaboración CANCIÓN % Correcto
Blasfem, Dollar Selmouni Pa que lo gocen
87%
GRECAS GRECOFERNANDA
80%
--- Mala
80%
--- Shorty
80%
--- Hasta Cuando
73%
Natos y Waor Nana
73%
Chicho Beats Narcolepsia
73%
Ayax y Prok, Blasfem Reina
73%
--- AMOR DE BARRIO
67%
Chicho Beats Dinamo
67%
--- Malamanera
67%
Dollar Selmouni Oye
67%
Delaossa Fumando Serio
60%
Kvinz Gusanos de seda
60%
Natos y Waor NO ME LLORES
60%
Cano, PMP AUNQUE DUELA
53%
Denom, Blasfem Danger
53%
--- MAMA
53%
Lia Kali POR SI TE VAS
53%
Lia Kali, Toni Anzis Te conocí bailando
53%
--- Bandolero
47%
Juancho Marqués Belfast
47%
--- DOLOR
47%
--- MAMAHUEVO
47%
Big Jay Por la calle Abajo
47%
--- Auxilio
40%
--- CANAPÉ
40%
Ayax y Prok Fuck da Popo
40%
--- HOY VUELVO A EMPEZAR
40%
Blasfem Intro
40%
--- Intro
40%
--- INTRO
40%
J Abecia Llorando
40%
--- TE AVISÉ
40%
--- Ya no
40%
Foyone 100 problemas
33%
--- CUANDO BEBO PIENSO EN TI
33%
--- ECHO DE MENOS
33%
--- Etapas Raras
33%
--- GUAPA
33%
--- HA$H DE MOROCCO
33%
--- JUNTO A TI
33%
--- MILIPILI
33%
Nadal015 Noches en vigilia
33%
Al Safir QUÉ HUBIERA SIDO
33%
Blasfem Qué más da
33%
--- Ready to Fight
33%
Noise System Báilame la mirada
27%
Antony Z Candela
27%
Dollar Selmouni Clandestino
27%
Jdemers Cowboys
27%
A. Mik, J Dose Dale
27%
--- Dime
27%
Sceno Lento
27%
--- Levanta las manos
27%
SFDK MI CAMINO
27%
Blasfem, Petit Ribery Monfrero
27%
--- MUJICA
27%
--- NO HAY MÁS
27%
Lia Kali Para Aguantar
27%
--- TONY MONTANA
27%
--- YO TENGO UN ÁNGEL
27%
L-Gante APRETAO
20%
Blasfem, J Dose Avisos Parentales
20%
--- Barco a la deriva
20%
--- Celebrando
20%
--- Dame una luz
20%
--- DESDE ABAJO
20%
J Abecia, Bigla The Kid Entre Alfileres
20%
Kvinz Interludio
20%
--- RIAL JIP JAP
20%
--- RUMBO FIJO
20%
Nadal015, Blasfem Soy Un Cabrón
20%
EAZYBOI, Denso Un Fajo Más
20%
Reality, Bigla The Kid Vuelves
20%
--- Al Filo
13%
--- BORREGO
13%
ACRU, Haze Crudo
13%
EAZYBOI, Bigla The Kid HENNESSY
13%
--- LIKE THIS
13%
Fran DC Malamanera Remix
13%
Ronpe 99 Me Persigue
13%
Saske MONEY ON MY MIND
13%
--- No hay nada nuevo
13%
--- PREFIERO ESTAR SOLO
13%
Juancho Marqués Todo bien
13%
--- Vida real
13%
T&K, Tensei One Flavor
7%
SacrificioyPasta, Oktoba, Jhise Fratellos
7%
--- Génesis
7%
Homer El Mero Mero Los Guachos en la Esquina
7%
Sitton Psycho Broders
7%
Victor Rutty, Rober del Pyro, DJ Kaef Raizzes
7%
Endikah, J Dose Será por Algo
7%
No se encontraron pruebas coincidentes
Distribución de puntuación
Porcentaje de gente con cada puntuación
Porcentaje por número respondido
Historial de tus puntuaciones
No has intentado esta prueba.